000 00513nam a2200169 a 4500
001 000032498
005 20200930065654.0
008 110718s19uu dr ab 000 0 spa d
040 _aDO-SdBNP
_bspa
_cBNPHU
082 _a972.93
_bG491h
100 1 _aGimbernard Pellerano, Jacinto
_938007
245 1 0 _aHistoria de Santo Domingo. /
_cJacinto Gimbernard Pellerano.
260 _aSanto Domingo :
_b[s.n.],
_c[196u].
300 _a582 p. :
_bil., mapas ;
_c21 cm.
504 _aBibliografía : p. I-VI
049 _aBNPD
999 _c31989
_d31989